| 000 | 01050nam0a22003011 4500 | ||
|---|---|---|---|
| 001 | rc\4365679 | ||
| 005 | 20130416141936.8 | ||
| 021 |
_aRU _b[58-57177] |
||
| 035 | _a(NLR Aleph) 008538198 | ||
| 090 |
_a8330516 _c8330516 |
||
| 100 | _a20130416d1958 |||y0rusy50 ca | ||
| 101 | 0 | _arus | |
| 102 | _aRU | ||
| 105 | _aa z ||||| | ||
| 200 | 1 |
_aИндукционные печи для изготовления свинцовистой бронзы _fСвердл. совнархоз. |
|
| 210 |
_a[Свердловск] _cЦБТИ _d1958 |
||
| 215 |
_a7 с. _cчерт. _d21 |
||
| 225 | 1 | _aЛисток новатора | |
| 300 | _aАвт. указаны в конце текста | ||
| 606 |
_aБронзы свинцовистые _xПроизводство _2psbo |
||
| 606 |
_aЭлектрические печи, индукционные _2psbo |
||
| 700 | 1 |
_aГолояд _bИ. И. |
|
| 701 | 1 |
_aДмитриев _bБ. Г. |
|
| 801 | 0 |
_aRU _bNLR _gpsbo |
|
| 801 | 1 |
_aRU _bELAR _2rusmarc |
|
| 852 |
_aNLR _j58-4/16578 |
||
| 942 | _cBOOK | ||
| 980 | _aNB | ||